000 00652nam a2200205Ii 4500
003 JO-AjNU
008 230605s9999||||xx |||||||||||||| ||und||
040 _aJO-AjNU
_bara
_erda
_cJO-AjNU
041 _aara
050 1 4 _aQA76.5.K38212
100 3 _aكيميني ، جون ج,
_eauthor
_920922
245 0 0 _aالانسان والحاسب الالكتروني
250 _aط1
264 3 1 _aالقاهرة:مكتبة الوعي العربي ، د.ت
300 _a127ص
336 _atext
_btxt
_2rdacontent
337 _aunmediated
_bn
_2rdamedia
338 _avolume
_bnc
_2rdacarrier
650 4 _aالحاسبات الالكترونية
_920923
999 _aA7182
_c10750
_d10750